<?xml version="1.0" encoding="UTF-8"?><?xml-stylesheet type="text/xsl" href="static/style.xsl"?><OAI-PMH xmlns="http://www.openarchives.org/OAI/2.0/" xmlns:xsi="http://www.w3.org/2001/XMLSchema-instance" xsi:schemaLocation="http://www.openarchives.org/OAI/2.0/ http://www.openarchives.org/OAI/2.0/OAI-PMH.xsd"><responseDate>2026-04-26T21:58:19Z</responseDate><request verb="GetRecord" identifier="oai:uvadoc.uva.es:10324/29560" metadataPrefix="marc">https://uvadoc.uva.es/oai/request</request><GetRecord><record><header><identifier>oai:uvadoc.uva.es:10324/29560</identifier><datestamp>2021-07-06T08:49:35Z</datestamp><setSpec>com_10324_38</setSpec><setSpec>col_10324_852</setSpec></header><metadata><record xmlns="http://www.loc.gov/MARC21/slim" xmlns:doc="http://www.lyncode.com/xoai" xmlns:xsi="http://www.w3.org/2001/XMLSchema-instance" xmlns:dcterms="http://purl.org/dc/terms/" xsi:schemaLocation="http://www.loc.gov/MARC21/slim http://www.loc.gov/standards/marcxml/schema/MARC21slim.xsd">
<leader>00925njm 22002777a 4500</leader>
<datafield tag="042" ind1=" " ind2=" ">
<subfield code="a">dc</subfield>
</datafield>
<datafield tag="720" ind1=" " ind2=" ">
<subfield code="a">Mínguez Vela, Álvaro</subfield>
<subfield code="e">author</subfield>
</datafield>
<datafield tag="260" ind1=" " ind2=" ">
<subfield code="c">2017</subfield>
</datafield>
<datafield tag="520" ind1=" " ind2=" ">
<subfield code="a">El estudio hace referencia al análisis de la despoblación y el empleo en la provincia de palencia, para ello he estudiado el carácter general de la provincia con el fin de ahondar más tarde en tierra de campos y más concretamente en la localidad de carrión de los condes.&#xd;
En dicho estudio, utilizo como base comparativa a dos localidades cercanas a carrión con el fin de ver su evolución. Una de ellas, es saldaña la cual pertenece a la comarca de vega – valdavia. &#xd;
La otra, es paredes de nava que también pertenece a la mencionada tierra de campos.</subfield>
</datafield>
<datafield tag="024" ind2=" " ind1="8">
<subfield code="a">http://uvadoc.uva.es/handle/10324/29560</subfield>
</datafield>
<datafield ind1=" " ind2=" " tag="653">
<subfield code="a">Palencia (España) - Población</subfield>
</datafield>
<datafield ind1=" " ind2=" " tag="653">
<subfield code="a">Trabajo, Mercado de - España - Palencia</subfield>
</datafield>
<datafield tag="245" ind1="0" ind2="0">
<subfield code="a">Empleo y despoblación en la provincia de Palencia.  Tierra de Campos. Causa o consecuencia</subfield>
</datafield>
</record></metadata></record></GetRecord></OAI-PMH>